نظم متن الكافى فى علمى العروض والقوافى

محفوظ في:

المؤلف الرئيسي: محمد الرفاعى.

التنسيق: كتاب

اللغة: Undetermined

منشور في: Cairo Cairo Press 1926-1927

الوسوم: إضافة وسم

لا توجد وسوم, كن أول من يضع وسما على هذه التسجيلة!

رقم الطلب: P15 REFA

LEADER 00379nam a2200121Ia 4500
008 240404s9999||||xx |||||||||||||| ||und||
050 4 |a P15 REFA 
100 1 |a محمد الرفاعى. 
245 1 0 |a نظم متن الكافى فى علمى العروض والقوافى  |c محمد الرفاعى 
264 1 |a Cairo  |b Cairo Press  |c 1926-1927 
300 |a 16  |c 20 
942 |2 lcc  |c BK 
999 |c 57957  |d 57957